000 00903nam a2200277 a 4500
999 _c6016
_d6016
001 6016
003 BD-JhCC
005 20171231195325.0
008 171231s2004 sa a 001 0aeng d
020 _a0864866607
035 _a(BD-JhCC)6016
035 _a(CtY)6760444
040 _aBD-JhCC
_cUKM
_dBD-JhCC
_dDLC
041 _aeng
050 0 0 _aPN5476.G74
_bA3 2004
082 0 4 _a070.41092
_222
_bARO 2004
100 1 _aGreen, Michael.
245 1 0 _aAround and about :
_bmemoirs of a South African newspaperman /
_cMichael Green.
260 _aClaremont, South Africa :
_bDavid Philip ;
_a[Johannesburg :
_b[Distributed by] Thorold's Africana Books],
_c2004.
300 _avii, 126 p. :
_bill. ;
_c18 cm.
500 _aDistributor from label on p. [2] of cover.
500 _aIncludes index.
600 1 0 _aGreen, Michael.
650 0 _aNewspaper editors
_zSouth Africa
_vBiography.
942 _2ddc
_cBK